|
|
|
|
| LEADER |
00000nta a2200000 i 4500 |
| 001 |
dolg10320 |
| 005 |
20170905091124.0 |
| 008 |
170506suuuu hu om 000 hun d |
| 040 |
|
|
|a BGE Dolgozattár Repozitórium
|b hun
|
| 041 |
|
|
|a hu
|
| 100 |
1 |
|
|a Kántor Orsolya
|
| 245 |
1 |
0 |
|a Facebook tartalommarketing a személyes öngondoskodás nevű oldalon
|c Kántor Orsolya
|h [elektronikus dokumentum]
|
| 695 |
|
|
|a Tartalommarketing
|
| 695 |
|
|
|a Facebook
|
| 695 |
|
|
|a Idősek
|
| 700 |
1 |
|
|a Eszes Dr. István
|e ths
|
| 856 |
4 |
0 |
|u http://dolgozattar.uni-bge.hu/10320/1/Kantor-Orsolya-Szakdolgozat.pdf
|z Dokumentum-elérés
|
| 856 |
4 |
0 |
|u http://dolgozattar.uni-bge.hu/10320/2/k%C3%A9rd%C5%91%C3%ADv.docx
|z Dokumentum-elérés
|
| 856 |
4 |
0 |
|u http://dolgozattar.uni-bge.hu/10320/3/le%C3%ADratok.docx
|z Dokumentum-elérés
|
| 856 |
4 |
0 |
|u http://dolgozattar.uni-bge.hu/10320/4/k%C3%A9rd%C3%A9ssor-k%C3%A9k-duna.docx
|z Dokumentum-elérés
|
| 856 |
4 |
0 |
|u http://dolgozattar.uni-bge.hu/10320/5/elemzes.sav
|z Dokumentum-elérés
|
| 856 |
4 |
0 |
|u http://dolgozattar.uni-bge.hu/10320/6/Output_szemong.spv
|z Dokumentum-elérés
|
| 856 |
4 |
0 |
|u http://dolgozattar.uni-bge.hu/10320/7/Output_szemong2.spv
|z Dokumentum-elérés
|
| 856 |
4 |
0 |
|u http://dolgozattar.uni-bge.hu/10320/8/Output_szemong3.spv
|z Dokumentum-elérés
|
| 856 |
4 |
0 |
|u http://dolgozattar.uni-bge.hu/10320/9/K%C3%A1ntor%20Orsolya-%20Szinopszis.docx
|z Dokumentum-elérés
|